Textbook of nursing education / (Record no. 513)

MARC details
000 -LEADER
fixed length control field 00648nam a22001937a 4500
003 - CONTROL NUMBER IDENTIFIER
control field OSt
005 - DATE AND TIME OF LATEST TRANSACTION
control field 20210220155544.0
008 - FIXED-LENGTH DATA ELEMENTS--GENERAL INFORMATION
fixed length control field 210220b ||||| |||| 00| 0 eng d
020 ## - INTERNATIONAL STANDARD BOOK NUMBER
International Standard Book Number 818061168X
020 ## - INTERNATIONAL STANDARD BOOK NUMBER
International Standard Book Number 9788180611681
040 ## - CATALOGING SOURCE
Original cataloging agency PHNSL
Transcribing agency PHNSL
100 ## - MAIN ENTRY--PERSONAL NAME
Personal name Neeraja, K. P
245 ## - TITLE STATEMENT
Title Textbook of nursing education /
Statement of responsibility, etc. K.P. Neeraja.
260 ## - PUBLICATION, DISTRIBUTION, ETC.
Place of publication, distribution, etc. New Delhi :
Name of publisher, distributor, etc. Jaypee Brothers Medical Publishers,
Date of publication, distribution, etc. 2003.
300 ## - PHYSICAL DESCRIPTION
Extent 498 p. :
Other physical details ill.
650 ## - SUBJECT ADDED ENTRY--TOPICAL TERM
Topical term or geographic name entry element Education, Nursing - India.
Form subdivision Teaching - Methods - India.
General subdivision Education - trends - India.
650 ## - SUBJECT ADDED ENTRY--TOPICAL TERM
Topical term or geographic name entry element Education, Nursing, Graduate - India.
Form subdivision Curriculum - India.
942 ## - ADDED ENTRY ELEMENTS (KOHA)
Source of classification or shelving scheme Library of Congress Classification
Koha item type Books
Holdings
Withdrawn status Lost status Source of classification or shelving scheme Damaged status Not for loan Home library Current library Shelving location Date acquired Total Checkouts Full call number Barcode Date last seen Copy number Price effective from Koha item type Public note
    Library of Congress Classification     Public Health Nurses School Public Health Nurses School General Stacks 02/20/2021   RT81.G7 N29 01037 02/20/2021 c.1 02/20/2021 Books kd 20/02/21
    Library of Congress Classification     Public Health Nurses School Public Health Nurses School General Stacks 02/20/2021   RT81.G7 N29 01038 02/20/2021 c.2 02/20/2021 Books kd 20/02/21
Copyright © 2025 PHNS Library. All Rights Reserved.